000 00849nam a2200253 i 4500
001 bgj
245 0 0 _aChristmas in Washington, D.C.
260 _aChicago :
_bWorld Book, Inc.,
_ccop. 1988.
300 _a80 pp :
_bphotos ;
_c29 cm.
490 1 _aChristmas Around the World from World Book
505 _aDescribes the traditions and customs that are part of celebration of Christmas in Washington (D.C.), as well as presenting crafts, recipes and carols.
650 9 _aChristmas decoration
650 9 _aHandicraft
650 9 _aCookery
651 9 _aWashington, D.C.
651 9 _aWashington, D.C.
_xSocial life and customs
830 _aChristmas Around the World from World Book
020 _a071660888X
040 _cBPK
041 0 _aeng
920 _a0-7166-0888-X
942 _cKS
008 s uk f |000 0 eng
999 _c47594
_d47594
856 _uhttp://koha.tu.koszalin.pl/cgi-bin/koha/opac-detail.pl?biblionumber=47594
_yKatalog online BPK